000 01012nas a2200337 4500
001 BR2010002022
003 BR-BrBNA
005 20231205114153.0
007 ta
008 230509b bl.|||p| |||| 00| 00por d
040 _aBR-BrBNA
_bpor
_cBiblioteca Nacional de Agricultura
041 _a(Pt)
072 _aQ03
100 1 _aPeloso, A.G.F.
100 1 _acarvalho, P.L.N. de
100 1 _aVeiga, S.M.O.M.
100 1 _aNascimento, L.C. do
245 1 _aAvaliação da eficiência de diferentes sanificantes em alface (Lactuca sativa)e de suas influências na vida útil do produto
650 _aALFACE
650 _aVINAGRE
650 _aCLORO
650 _aÁGUA
650 _aOZÔNIO
650 _aBACTÉRIA
650 _aCOLIFORME
650 _aANÁLISE MICROBIOLÓGICA
650 _aMINAS GERAIS
773 0 _tHigiene Alimentar (Brazil)
_xISSN 0101-9171
_g(Jan-Feb 2010), v. 24(180-181) p. 122-127
_wBR2010002022
909 _a202311
_bLúcia
_c55
_dLúcia Elande
942 _2AGRIS
_n0
_cANA
999 _c207410
_d207410